000 00772nam a2200253Ia 4500
003 OSt
005 20221005092702.0
006 a|||||r|||| 00| 0
007 ta
008 221004b |||||||| |||| 00| 0 eng d
020 _a1905422172 (hbk)
_c1495
024 _a95438
037 _bDU69, 17/03/2009, Independent Publishers Group
_cTextual
040 _aCRL
_cCRL
_beng
041 _2eng
_aeng
082 _aM7.2, P6
100 _aRosemary Crill Ed.
_9617641
245 0 _aTextiles from India
_b The global trade
260 _aNew York
_bSeagull USA
_c2006
300 _axvi,388p.
_ccm.
650 _aINDUSTRIAL ARTS
942 _hM7.2, P6
_cTEXL
_2cc
999 _c999209
_d999209